000 00511nam a22002057a 4500
003 OSt
005 20140310182846.0
008 130611t xxu||||| |||| 00| 0 eng d
020 _a9578444559
050 _aTX 837
_b.L298 200-
082 _aM 641.5636
_bW52 200
245 _aWestern vegetarian cooking /
_cLao, Ju D.
260 _c200-
300 _a149 p. :
_bill. col. ;
_c26 cm.
521 _acollege students
526 _c1210L-1700L
541 _j1
562 _e1
942 _2lcc
_cBK
_kM
999 _c16929
_d16929